NCAAM DII Basketball Logo Quiz: Conference Carolinas - Statistics

General Stats
  • This quiz has been taken 11 times
    6 since last reset
  • The average score is 6 of 16
Answer Stats
Picture Answer % Correct
Barton
75%
Belmont Abbey
75%
Lees-Mcrae
75%
King
50%
North Greenville
50%
UNC Pembroke
50%
Chowan
25%
Emmanuel
25%
Erskine
25%
Ferrum
25%
Francis Marion
25%
Mount Olive
25%
Shorter
25%
Southern Wesleyan
25%
Young Harris
25%
Converse
0%
No matching quizzes found
Score Distribution
Percent of People with Each Score
Percentile by Number Answered
Your Score History
You have not taken this quiz since the last reset